ბათუმის შოთა რუსთაველის სახელმწიფო უნივერსიტეტის ბიბლიოთეკა

ანალიზური ქიმიის ლაბორატორიული სახელმძღვანელო : (ბიბ.ჩანაწერი № 57781)

000 -ლიდერი
ფიქსირებული სიგრძის საკონტროლო ველი 00987nam a22002057a 4500
003 - საკონტროლო ნომრის იდენტიფიკატორი
საკონტროლო ველი Ge_BSU
005 - ბოლო ოპერაციის თარიღი და დრო
საკონტროლო ველი 20201126140419.0
008 - ფიქსირებული სიგრძის მონაცემთა ელემენტები - ზოგადი ინფორმაცია
ფიქსირებული სიგრძის საკონტროლო ველი 201126s2003 ge ||||| |||| 00| 0 geo d
020 ## - წიგნის საერთაშორისო სტანდარტული ნომერი
International Standard Book Number 9992806397
041 ## - ენის კოდი
Language code of text/sound track or separate title geo
080 ## - უნივერსალური ათობითი კლასიფიკაციის ინდექსი
Universal Decimal Classification number 543(076.5)+543(075.8) მ-85
100 ## - მთავარი ჩანაწერი - პიროვნების სახელი
Personal name მორჩილაძე, ლ.
9 (RLIN) 9781
245 ## - ცნობა სათაურის შესახებ
Title ანალიზური ქიმიის ლაბორატორიული სახელმძღვანელო :
Remainder of title [სახელმძღვ. პედ. უნ-ტის სტუდ.] /
Statement of responsibility, etc ლ. მორჩილაძე, რ. მაჩხოშვილი.
264 ## - წარმოების, გამოცემის, დისტრიბუციის და სხვა ცნობები
გამოცემის, წარმოების, დისტრიბუციის... ადგილი თბ. :
გამოცემის, წარმოების, დისტრიბუციის... სახელწოდება სახ. პედ. უნ-ტის გამ-ბა,
გამოცემის, წარმოების, დისტრიბუციის... თარიღი 2003.
300 ## - ფიზიკური აღწერა
Extent 191 გვ. ;
Other physical details 20 სმ.
653 ## - INDEX TERM--UNCONTROLLED
Uncontrolled term ანალიზური ქიმია
653 ## - INDEX TERM--UNCONTROLLED
Uncontrolled term ლაბორატორიული სამუშაოები
700 ## - ADDED ENTRY--PERSONAL NAME
Personal name მაჩხოშვილი, რ.
Relator term ავტორი
9 (RLIN) 2553
942 ## - ADDED ENTRY ELEMENTS (KOHA)
Source of classification or shelving scheme
Koha item type წიგნი
ეგზემპლარები
ჩამოწერის სტატუსი დაკარგული ეგზემპლარის სტატუსი კლასიფიკაციის წყარო ან თაროზე გაწყობის სქემა დაზიანების სტატუსი არ გაიცემა მუდმივი მდებარეობა (დაცვის ადგილი) ამჟამინდელი ადგილსამყოფელი თაროზე განთავსების ადგილი შეძენის თარიღი ღირებულება, შესყიდვის ნორმალური ფასი სრული შენახვის შიფრი შტრიხკოდი ბოლო ოპერაციის თარიღი ეგზემპლარის მიმდევრობითი ნომერი (კეტერი?) ფასის ძალაში შესვლის თარიღი ეგზემპლარის სახეობა საჯარო შენიშვნა
          ბათუმის შოთა რუსთაველის სახელმწიფო უნივერსიტეტის მთავარი ბიბლიოთეკა ბათუმის შოთა რუსთაველის სახელმწიფო უნივერსიტეტის მთავარი ბიბლიოთეკა წიგნსაცავი 2020-11-26 6.00 543(076.5)+543(075.8) მ-85 29204 2020-11-26 29204 2020-11-26 წიგნი 6 ლ.